00752cas a22002177a 450000500170000000800410001701000100005801100100006802200140007803500100009224500380010226000560014030000070019631000120020336200190021565000610023486600600029586600590035586600600041486600600047420220329142646.0001017c nl mr pernn i 0 b1eng d a86100 a87072 a0306-4484 a9761300aCurrent Advances in Plant Science0 aAmsterdam, The Netherlands:bElsevier Science,c19- av. aMensual av.34 n.6,2002.14aBotánicaxInvestigaciónxPublicaciones periódicas. av. 34 n. 1 (January 2002) - v. 35 n. 12 (December 2003) av. 36 n. 1 (January 2004) - v. 36 n. 2 (February 2004) av. 38 n. 1 (January 2006) - v. 39 n. 12 (December 2007) av. 40 n. 1 (January 2008) - v. 40 n. 12 (December 2008)